Quizzes
Events
Quiz Creation
Community
Videos
Private Events
Remove Ads
Sign In
Join for FREE
Feedback
Dark Mode
Quiz Categories
Sports
Geography
Music
Movies
Television
Just For Fun
Miscellaneous
History
Literature
Language
Science
Gaming
Entertainment
Religion
Holiday
For Kids
Quiz Lab
Recent
Popular Today
Quiz Kudos Today
Editor Picks
Curator Picks
Quizzes by...
Day
Popularity
Type
Ratings
Length
Year
Community
Subscriptions
Recent Discussions
Orange Saloon
Badges
Playlists
Quests
Create
Leaderboards
Showdown
Live 5
Trivia Bingo
Activity
Puzzle Library
Sporcle Events
Private Events
Virtual Trivia
Globe League
Become a Host
Pub Owners
SporcleCon
Opinionation
Our Games
Videos
Blog
Mobile Apps
Partnerships
Remove Ads and Go Orange
Feedback
Music
Pop Music
The Beatles
Song
Album
Lyrics
Bands
Singers
Artist
Clip
Rock
Rap
Classical
Billboard
Country Music
Kpop
Taylor Swift
Music
Pop Music
The Beatles
Song
Album
Lyrics
Bands
Singers
Artist
Clip
Rock
Rap
Classical
Billboard
Country Music
Kpop
Taylor Swift
Random Quiz
Search Sporcle
×
Quiz Lab
Quiz Lab
Music
direction
Click on answers out of a set of options
Click on answers out of a set of options
Multiple Choice
Best Score? Go Orange.
How Well Do You Know One Direction????? Stats
Are you a true Directioner?
By
dancer_grrl_2006
15m
25 Questions
165 Plays
165 Plays
165 Plays
Comments
Comments
Give Quiz Kudos
Give Quiz Kudos
-
- Ratings
hide this ad
Forced Order
Questions have to be entered in order without skipping
Questions have to be entered in order without skipping
Random Order
Randomize order of answers
Randomize order of answers
Replay
Link that replays current quiz
Next Quiz
Link to next quiz in quiz playlist
You Got
0%
They Got
Avg Score
76%
Avg Friend Score
Upgrade to see
Score Distribution
Jump to the score distribution portion of the page
Score
0/25
Timer
15:00
0
Plays Today
Question
Answer
Wrong Answers
Who was Zayn engaged to?
???
95.2%
???
0%
???
1.2%
???
1.2%
What is Harry's middle name?
???
93.9%
???
1.8%
???
1.2%
???
0.6%
Which two members have children? (August 2017)
???
93.9%
???
1.8%
???
0.6%
???
0%
What did Liam have a fear of?
???
93.3%
???
1.8%
???
0.6%
???
0.6%
What are the names of their albums, and how many albums are there? (August 2017)
???
92.7%
???
2.4%
???
0%
???
1.2%
What place did One Direction come on The X Factor?
???
92.1%
???
1.2%
???
3%
???
1.2%
Which member's kid's name is Bear?
???
90.3%
???
0%
???
5.5%
???
0.6%
What is Niall's favorite restaurant?
???
89.1%
???
2.4%
???
4.2%
???
1.8%
Fill in the blank: One Way Or Another (_______ _____)
???
87.3%
???
5.5%
???
0.6%
???
1.8%
What is Liam and Louis' ship name?
???
86.1%
???
4.2%
???
3%
???
3.6%
What colour are Louis' eyes?
???
84.2%
???
6.7%
???
6.1%
???
3%
Which two boys have the same middle name?
???
84.2%
???
3.6%
???
8.5%
???
2.4%
Who is the second youngest member of One Direction? (Including Zayn for the whole quiz)
???
83.6%
???
6.1%
???
9.1%
???
1.2%
Where is Harry from?
???
83%
???
3%
???
6.7%
???
5.5%
What is the last name of Louis' most known girlfriend?
???
81.8%
???
6.7%
???
3%
???
6.7%
Fill in the blank: 'NO! _____ __________!'
???
79.4%
???
3%
???
3.6%
???
10.3%
What is Niall's brother's name?
???
78.8%
???
4.8%
???
6.7%
???
7.3%
What are 'The Styles Triplets'' names?
???
66.7%
???
15.8%
???
10.9%
???
3.6%
What is Zayn's twitter name? (August 2017)
???
61.2%
???
15.8%
???
9.1%
???
11.5%
How many 'R's?
???
53.9%
???
11.5%
???
26.7%
???
5.5%
What was Niall's first email address?
???
52.1%
???
13.3%
???
7.3%
???
21.2%
What date (month and day) did Harry and Louis supposedly 'get married'?
???
49.7%
???
15.8%
???
15.8%
???
12.7%
What does Zayn's Arabic neck tattoo mean?
???
48.5%
???
21.2%
???
13.9%
???
11.5%
How many original X Factor video diaries were there?
???
47.3%
???
0.6%
???
23.6%
???
24.8%
What was the name of Louis' first kiss?
???
33.9%
???
38.2%
???
13.3%
???
9.7%
Quiz Playlist
Details
Report
Send in Message
Add To Playlist
Multiple Choice:
Click on answers out of a set of options
Forced Order:
Questions have to be entered in order without skipping
Random Order:
Randomize order of answers
Last Updated: Aug 25, 2017
Quiz Scoreboard
CHALLENGE
Sign Up to Join the Scoreboard
Show All
Scores
Hide
Comments
May contain spoilers
Recently Published
Movies - When Are They Set?
by FPL_Elf
Movies
5m
Popular People in 1961
by mucciniale
History
6m
1-10 Letter E Words III
by El_Dandy
Language
2m
More to Explore
Quiz From the Vault
Featured Blog Post
Where Did the Easter Bunny Come From?
hide this ad
You Might Also Like...
Tags
direction
Today's Top Quizzes in Music
Browse Music
hide this ad
Today's Top Quizzes in direction
Browse direction
Top Contributed Quizzes in Music
1
Taylor Swift All Songs (2024)
2
2010s Album by Cover III
3
One Thing in Common: Music
4
Guess the Artist- 70s Songs
5
Taylor Swift Logic Puzzle
6
Guess the Taylor Swift song (Mystery Song)
7
2010s Album by Cover IV
8
2010s Album by Cover V
9
KPOP LOGIC QUIZ
10
2010s Album by Cover VI
Explore More
Trending Topics
Kpop
Anime
NBA
Harry Potter
Marvel
Crossword
Disney
The Office
Country
Puzzle
Soccer
Song
WWE
NFL
Pokémon
hide this ad
More By:
dancer_grrl_2006
Quiz
Plays
Rating
Category
Featured
Created
How Well Do You Know One Direction?????
165
1.00
Music
Aug 24, 2017
Go to Creator's Profile
Score Distribution
Quiz Creator Spotlight
dancer_grrl_2006
Follow
Send a Message
Quizzes Created
-
Created Quiz Play Count
-
More By This Creator
Popular Quizzes Today
1
Find the Countries of Europe - No Outlines Minefield
2
Find the US States - No Outlines Minefield
3
The Countries of the World
4
Popular People in 1961
5
1-10 Letter E Words III
6
US States
7
Find the US States
8
One Thing in Common: World Cities II
More Music Quizzes
Which Half of the Decade? ('90s #1s)
Published
Trending Quizzes
Risky Map Clicking: Least Populous States A-Z
1-10 Letter F Words
Humor Books: The Subtitles
1-10 Letter G Words
One Thing in Common: United Kingdom
Recently Updated
Leaping Animals
pecheneg
Reality TV Shows (A-Z)
bhenderson79
Rickey Henderson's Hall of Fame Teammates
pecheneg
Champions League XIs: Arsenal
pecheneg
Quick Pick: Celebrities in WWE's Hall of Fame
aduchscher
A-Z Keypad Blitz II
pecheneg
Multiple Oscar Actors
pecheneg
Mystery Phrase Blitz: Oscar 'Best Actors'
pecheneg
F. Scott Fitzgerald Novels
LTH
Pick 3 Villains
ddd62291
Trending Topics
Anime
Marvel
Disney
Kpop
NBA
Harry Potter
Crossword
Puzzle
The Office
Pokémon
WWE
Country
Song
Soccer
NFL
Your Account Isn't Verified!
In order to create a playlist on Sporcle, you need to verify the email address you used during registration. Go to your
Sporcle Settings
to finish the process.
Report this User
Report this user for behavior that violates our
Community Guidelines
.
Details:
Send Report
Go to the Sporcle.com Mobile Site →
Comments